[Event "Titled Tue 26th Aug Early"]
[Site "chess.com INT"]
[Date "2025.08.26"]
[Round "5"]
[White "Kalyani Sirin"]
[Black "Romero Ruscalleda, Josep"]
[Result "0-1"]
[WhiteTitle "WFM"]
[BlackTitle "FM"]
[WhiteElo "2162"]
[BlackElo "2110"]
[WhiteFideId "33323500"]
[BlackFideId "2231859"]
[EventDate "2025.08.26"]

1. e4 g6 2. d4 Bg7 3. Nc3 d6 4. Be3 a6 5. Qd2 b5 6. O-O-O Bb7 7. f3 Nd7 8. h4
Ngf6 9. Nh3 Rc8 10. Ng5 c5 11. dxc5 Nxc5 12. e5 b4 13. Ne2 Nd5 14. Bxc5 Rxc5 15.
e6 f5 16. Kb1 Qc8 17. Nc1 Ne3 18. Qxe3 Rxc2 19. Nd3 O-O 20. Rc1 b3 21. axb3
Rxc1+ 22. Qxc1 Qb8 23. Be2 Bd5 24. b4 Qe8 25. Qc7 Qa4 26. Nc1 Qxb4 27. Qc2 Rb8
28. Nd3 Qd4 29. Nh3 Bb3 30. Qd2 Bc4 31. b4 Bxd3+ 32. Bxd3 Rxb4+ 33. Kc2 Rb2+ 34.
Kd1 Rxd2+ 35. Kxd2 Qc3+ 36. Ke2 Qb2+ 37. Ke3 Bd4+ 38. Kf4 Be5+ 39. Kg5 Kg7 0-1

[Event "Titled Tue 26th Aug Early"]
[Site "chess.com INT"]
[Date "2025.08.26"]
[Round "5"]
[White "Fikiet, Alex"]
[Black "Beznosov, Timofey"]
[Result "0-1"]
[BlackTitle "CM"]
[WhiteElo "2151"]
[BlackElo "2131"]
[WhiteFideId "2052717"]
[BlackFideId "34497951"]
[EventDate "2025.08.26"]

1. e4 c5 2. d4 cxd4 3. c3 dxc3 4. Nxc3 Nc6 5. Nf3 e6 6. Bc4 a6 7. O-O Bb4 8. Qc2
Nge7 9. Rd1 O-O 10. Bg5 h6 11. Bh4 b5 12. Be2 Bb7 13. Nd5 exd5 14. exd5 Rc8 15.
dxc6 Bxc6 16. Qb3 Bc5 17. Rac1 Qb6 18. Ne5 Nf5 19. Bg3 Nxg3 20. Qxg3 Rfe8 21.
Nxf7 Rxe2 22. Nxh6+ Kh7 23. Ng4 Re6 24. Qh4+ Kg8 25. Rc3 Rce8 26. Rf1 Re1 27.
Rh3 Rxf1+ 28. Kxf1 Bxg2+ 29. Kxg2 Qc6+ 30. Rf3 Rf8 31. Qg3 Bd4 32. Nh6+ Qxh6 0-1

[Event "Titled Tue 26th Aug Early"]
[Site "chess.com INT"]
[Date "2025.08.26"]
[Round "5"]
[White "Ocampos, Ian"]
[Black "Duarte Cramer, Lily Jeanette"]
[Result "1-0"]
[BlackTitle "WCM"]
[WhiteElo "2195"]
[BlackElo "1904"]
[WhiteFideId "117544"]
[BlackFideId "29620180"]
[EventDate "2025.08.26"]

1. d4 d5 2. c4 c6 3. Nf3 Nf6 4. Bf4 e6 5. g3 Be7 6. Bg2 dxc4 7. Qc2 Bb4+ 8. Nbd2
b5 9. O-O Nd5 10. Be5 f6 11. Bxb8 Rxb8 12. e4 Bxd2 13. Qxd2 Ne7 14. a4 a6 15.
Nh4 O-O 16. axb5 axb5 17. Rfd1 Bb7 18. Bh3 f5 19. Nf3 Rf6 20. Qb4 fxe4 21. Ng5
Nf5 22. Nxe6 Rxe6 23. Bxf5 Re8 24. d5 Qf6 25. Be6+ Kh8 26. Ra7 cxd5 27. Bxd5
Bxd5 28. Rxd5 Qf3 29. Qc5 Rbd8 30. Re7 Rg8 31. Qd4 Rxd5 32. Qxd5 h6 33. Qxe4
Qd1+ 34. Kg2 Qb3 35. Qe5 Qd3 36. Re6 Qc2 37. Rxh6+ Qh7 38. Rxh7+ Kxh7 39. Qh5# 1-0

[Event "Titled Tue 26th Aug Early"]
[Site "chess.com INT"]
[Date "2025.08.26"]
[Round "5"]
[White "Mecit, Emre"]
[Black "Pechnikov, Artiom"]
[Result "1-0"]
[BlackTitle "CM"]
[WhiteElo "2007"]
[BlackElo "2014"]
[WhiteFideId "6304214"]
[BlackFideId "24104124"]
[EventDate "2025.08.26"]

1. Nf3 d5 2. g3 c5 3. Bg2 Nf6 4. O-O Nc6 5. c4 d4 6. e3 g6 7. exd4 cxd4 8. d3
Bg7 9. Re1 O-O 10. a3 a5 11. Nbd2 Re8 12. Ne4 Bf5 13. Nfd2 e5 14. Nxf6+ Bxf6 15.
Ne4 Bg7 16. Bg5 f6 17. Bd2 Qe7 18. b4 axb4 19. axb4 Nxb4 20. Bxb4 Qxb4 21. Rb1
Qe7 22. Rxb7 Qa3 23. c5 Ra7 24. Rxa7 Qxa7 25. Nd6 Rd8 26. Qb3+ Kf8 27. Nxf5 gxf5
28. c6 Rb8 29. Qd5 Qc7 30. Bh3 Rb6 31. Rc1 Qc8 32. Qc5+ Kg8 33. Qxb6 1-0

[Event "Titled Tue 26th Aug Early"]
[Site "chess.com INT"]
[Date "2025.08.26"]
[Round "5"]
[White "Bogdanov, Artyom"]
[Black "Zlatin, Alexander"]
[Result "0-1"]
[WhiteTitle "FM"]
[BlackTitle "FM"]
[WhiteElo "2383"]
[BlackElo "2264"]
[WhiteFideId "13749200"]
[BlackFideId "2810549"]
[EventDate "2025.08.26"]

1. e4 e5 2. Nc3 Bc5 3. g3 Nc6 4. Bg2 Nf6 5. d3 d6 6. h3 h6 7. Nge2 a5 8. O-O a4
9. a3 Be6 10. Kh2 g5 11. Be3 Qd7 12. d4 exd4 13. Nxd4 Bc4 14. Re1 Ne5 15. Nf5
Bxe3 16. Nxe3 Be6 17. Qd4 Bxh3 18. Ncd5 Nxd5 19. Nxd5 Bxg2 20. Kxg2 O-O-O 21.
Rad1 g4 22. Rh1 Nf3 23. Qc3 Kb8 24. Nf6 Qe6 25. Nxg4 Ng5 26. f3 f5 27. exf5 Qxf5
28. Ne3 Qxf3+ 29. Kh2 Qf2+ 30. Ng2 Nf3+ 31. Kh3 Ne5 32. Rhf1 Qe2 33. Kh2 Rhg8
34. Qe3 Qh5+ 35. Kg1 Ng4 0-1

[Event "Titled Tue 26th Aug Early"]
[Site "chess.com INT"]
[Date "2025.08.26"]
[Round "5"]
[White "Carrasco Miranda, Andres"]
[Black "Osinovsky, Stepan"]
[Result "0-1"]
[WhiteTitle "CM"]
[BlackTitle "FM"]
[WhiteElo "2226"]
[BlackElo "2240"]
[WhiteFideId "3405990"]
[BlackFideId "4157354"]
[EventDate "2025.08.26"]

1. d4 Nf6 2. c4 g6 3. g3 Bg7 4. Bg2 O-O 5. Nc3 d6 6. Nf3 Nbd7 7. O-O e5 8. e4
exd4 9. Nxd4 Re8 10. h3 a5 11. Ndb5 Nc5 12. Re1 Be6 13. Bf1 Qd7 14. Kh2 Rad8 15.
Bf4 Nh5 16. Be3 Qc6 17. Rc1 Bc8 18. Bg2 Qd7 19. b3 c6 20. Nxd6 Qxd6 21. Qxd6
Rxd6 22. Bxc5 Rd3 23. Re3 Rd2 24. Re2 Rxe2 25. Nxe2 Nf6 26. f3 Nd7 27. Bg1 Ne5
28. Nf4 Bh6 29. Rd1 a4 30. Be3 axb3 31. axb3 b5 32. Kg1 bxc4 33. bxc4 Nxc4 34.
Bc1 Bf8 35. Kf2 Bc5+ 36. Ke2 Ba6 37. Nd3 Ne5 38. f4 Nxd3 39. Rxd3 Rd8 0-1

[Event "Titled Tue 26th Aug Early"]
[Site "chess.com INT"]
[Date "2025.08.26"]
[Round "5"]
[White "Ibarra Jerez, Jose Carlos"]
[Black "Gubajdullin, Alexei"]
[Result "1-0"]
[WhiteTitle "GM"]
[BlackTitle "FM"]
[WhiteElo "2545"]
[BlackElo "2228"]
[WhiteFideId "2226332"]
[BlackFideId "4141202"]
[EventDate "2025.08.26"]

1. e4 c5 2. d4 cxd4 3. Qxd4 Nc6 4. Qd3 Ne5 5. Qg3 Ng6 6. Nc3 e6 7. Bg5 Qa5 8.
O-O-O a6 9. h4 h5 10. Kb1 Nf6 11. Bd3 b5 12. e5 b4 13. Ne4 Ng4 14. Nd6+ Bxd6 15.
exd6 Rb8 16. Bxg6 fxg6 17. f3 b3 18. axb3 Rxb3 19. Bd2 Rxb2+ 20. Kxb2 Qb5+ 21.
Ka3 Ne5 22. Bc3 Nc4+ 23. Ka2 Qf5 24. Qf2 Bb7 25. Kb1 Qb5+ 26. Kc1 O-O 27. Qd4 e5
28. Qd3 Rc8 29. Ne2 Qa4 30. Rde1 Qa3+ 31. Kd1 Qa2 32. Nc1 a5 33. Nxa2 1-0

[Event "Titled Tue 26th Aug Early"]
[Site "chess.com INT"]
[Date "2025.08.26"]
[Round "5"]
[White "Megalios, Konstantinos"]
[Black "Skliarov, Viktor"]
[Result "1-0"]
[WhiteTitle "IM"]
[BlackTitle "IM"]
[WhiteElo "2383"]
[BlackElo "2334"]
[WhiteFideId "4238044"]
[BlackFideId "14106736"]
[EventDate "2025.08.26"]

1. c4 e5 2. Nc3 Bb4 3. Nd5 Ba5 4. b4 c6 5. bxa5 cxd5 6. cxd5 Qxa5 7. e4 Nf6 8.
Bd3 b6 9. Ne2 Na6 10. Ng3 Nc5 11. Bc2 Ba6 12. Qf3 Qb4 13. Ba3 Qd4 14. Rc1 Nd3+
15. Bxd3 Qxd3 16. Qxd3 Bxd3 17. f3 g6 18. Kf2 Nh5 19. Bd6 f6 20. Nxh5 gxh5 21.
Rc7 Bb5 22. Rb1 Ba6 23. Rbc1 b5 24. a3 Rg8 25. g3 h4 26. g4 Kf7 27. Rxd7+ Kg6
28. Rcc7 Rac8 29. Rxh7 Rxc7 30. Rxc7 Ra8 31. Bc5 Bc8 32. Rxa7 Rxa7 33. Bxa7 Kf7
34. h3 Ke8 35. Bb6 Kd7 36. Ke3 Ba6 37. d3 Kc8 38. Ba5 Kd7 39. Bb4 Bb7 40. Be1
Bc8 41. Bxh4 1-0

[Event "Titled Tue 26th Aug Early"]
[Site "chess.com INT"]
[Date "2025.08.26"]
[Round "5"]
[White "Przybylski, Bartosz"]
[Black "Zdorov, Egor Vit"]
[Result "1-0"]
[WhiteTitle "CM"]
[BlackTitle "CM"]
[WhiteElo "2041"]
[BlackElo "2094"]
[WhiteFideId "21878323"]
[BlackFideId "55688560"]
[EventDate "2025.08.26"]

1. Nf3 d5 2. b3 Nf6 3. Bb2 Bf5 4. e3 e6 5. c4 c6 6. Nc3 Be7 7. Rc1 h6 8. cxd5
exd5 9. d4 O-O 10. Bd3 Bxd3 11. Qxd3 Qd7 12. O-O Bd6 13. Ne5 Qe6 14. f4 Nbd7 15.
Rce1 Rae8 16. e4 dxe4 17. Nxe4 Nxe4 18. Qxe4 Nf6 19. Qf3 Qd5 20. Qh3 Rd8 21. Kh1
Rfe8 22. Rf3 Ne4 23. Qf5 Bb4 24. Rxe4 g6 25. Rg3 Kh7 26. Rxg6 Rxe5 27. Rxh6+
Kxh6 28. Rxe5 Qd6 29. Qh5+ Kg7 30. d5 f6 31. Rg5+ Kf8 32. Qh8+ Ke7 33. Rg7# 1-0

[Event "Titled Tue 26th Aug Early"]
[Site "chess.com INT"]
[Date "2025.08.26"]
[Round "5"]
[White "Goncharov, Vladimir"]
[Black "Janukshan, B"]
[Result "1-0"]
[BlackTitle "CM"]
[WhiteElo "2077"]
[BlackElo "1944"]
[WhiteFideId "34162256"]
[BlackFideId "29945399"]
[EventDate "2025.08.26"]

1. d4 Nf6 2. c4 e6 3. Nf3 d5 4. g3 Be7 5. Bg2 O-O 6. O-O dxc4 7. Ne5 Nc6 8. Bxc6
bxc6 9. Nxc6 Qe8 10. Nxe7+ Qxe7 11. Qa4 e5 12. dxe5 Qxe5 13. Qxc4 Rd8 14. Nc3
Be6 15. Bf4 Qh5 16. Qc6 g5 17. Bxc7 Rdc8 18. Rac1 Ng4 19. Qg2 Nh6 20. Rfd1 Bh3
21. Nd5 Ng4 22. Qf3 Bf1 23. Qxg4 Qxg4 24. Nf6+ Kg7 25. Nxg4 Bxe2 26. Rd4 h5 27.
Ne3 a5 28. Nf5+ Kf6 29. Nd6 Rf8 30. Re1 Bg4 31. Kg2 Be6 32. b3 Ra7 33. Bb6 Ra6
34. Bc5 Rc6 35. h3 Rxc5 36. Ne4+ 1-0

[Event "Titled Tue 26th Aug Early"]
[Site "chess.com INT"]
[Date "2025.08.26"]
[Round "5"]
[White "Herbrig, Alexander"]
[Black "Gutman, Gennadi"]
[Result "1-0"]
[WhiteTitle "FM"]
[BlackTitle "GM"]
[WhiteElo "2292"]
[BlackElo "2445"]
[WhiteFideId "12952044"]
[BlackFideId "14102277"]
[EventDate "2025.08.26"]

1. d4 c6 2. Nf3 d5 3. c4 e6 4. e3 Nf6 5. Nbd2 Be7 6. Bd3 O-O 7. O-O dxc4 8. Nxc4
b5 9. Nce5 a6 10. a4 Bb7 11. Bd2 Nbd7 12. Qe2 Nb6 13. a5 Nbd5 14. Rfc1 Rc8 15.
Qe1 c5 16. e4 Nb4 17. Bxb4 cxb4 18. Rxc8 Qxc8 19. Nd2 Qd8 20. Nb3 Bd6 21. f4 Bb8
22. Rc1 Ba7 23. Qe3 Qa8 24. Nc5 Bxc5 25. dxc5 Bxe4 26. Bxe4 Nxe4 27. c6 f5 28.
Nd7 Rd8 29. c7 Rc8 30. Nb6 Qa7 31. Qd4 Nf6 32. Qd8+ Kf7 33. Qxc8 Nd5 34. Qd7+ 1-0

[Event "Titled Tue 26th Aug Early"]
[Site "chess.com INT"]
[Date "2025.08.26"]
[Round "5"]
[White "Souleidis, Georgios"]
[Black "Purygin, Andrei"]
[Result "1-0"]
[WhiteTitle "IM"]
[BlackTitle "FM"]
[WhiteElo "2418"]
[BlackElo "2309"]
[WhiteFideId "4206827"]
[BlackFideId "24111180"]
[EventDate "2025.08.26"]

1. e4 e5 2. Nc3 Nf6 3. d4 exd4 4. Qxd4 d6 5. Bg5 Nc6 6. Qd3 Be7 7. O-O-O h6 8.
Bf4 Be6 9. Kb1 Nd7 10. Nge2 Nde5 11. Qd2 Qd7 12. Nd4 Nxd4 13. Qxd4 Nc6 14. Qd2
O-O-O 15. Bb5 a6 16. Ba4 f5 17. Rhe1 g5 18. Be3 Rhf8 19. f3 fxe4 20. Nxe4 Bf5
21. Nc3 Bf6 22. Nd5 Be5 23. Bg1 Qh7 24. Bxc6 bxc6 25. Nb4 Kd7 26. Rxe5 a5 27.
Na6 Ra8 28. Rxa5 Ke7 29. Re1+ Kf7 30. Nxc7 Bxc2+ 31. Ka1 Rxa5 32. Qxa5 Qd3 33.
Qc3 Qf5 34. Qxc6 Rc8 35. Qxd6 Qf6 36. Qd7+ Kg6 37. Re6 1-0

[Event "Titled Tue 26th Aug Early"]
[Site "chess.com INT"]
[Date "2025.08.26"]
[Round "5"]
[White "Krzywda, Andrzej"]
[Black "Adewumi, Tanitoluwa"]
[Result "0-1"]
[WhiteTitle "CM"]
[BlackTitle "IM"]
[WhiteElo "2149"]
[BlackElo "2421"]
[WhiteFideId "1114565"]
[BlackFideId "30966396"]
[EventDate "2025.08.26"]

1. e4 e5 2. Nf3 Nc6 3. d4 exd4 4. Bc4 Nf6 5. e5 d5 6. Bb5 Nd7 7. O-O Be7 8. Re1
O-O 9. Bxc6 bxc6 10. Nxd4 Nb8 11. f4 c5 12. Nb3 d4 13. Qf3 c6 14. c3 Bf5 15. Rd1
Qc8 16. h3 Rd8 17. cxd4 c4 18. N3d2 Rxd4 19. Nc3 Na6 20. Nf1 Rxd1 21. Nxd1 Nb4
22. Nde3 Bd3 23. a3 Nd5 24. f5 Bc5 25. Kh1 Qe8 26. Ng4 h5 27. Nge3 Qxe5 28. Nxd5
cxd5 29. Bf4 Qxf5 30. Ng3 Qg6 31. Qxd5 Rc8 32. Re1 Bf2 33. Qb7 Rf8 34. Rf1 Bxg3 0-1

[Event "Titled Tue 26th Aug Early"]
[Site "chess.com INT"]
[Date "2025.08.26"]
[Round "5"]
[White "Bachmann, Axel"]
[Black "Popov, Tikhon"]
[Result "1-0"]
[WhiteTitle "GM"]
[BlackTitle "FM"]
[WhiteElo "2578"]
[BlackElo "2335"]
[WhiteFideId "3700488"]
[BlackFideId "24252026"]
[EventDate "2025.08.26"]

1. Nf3 Nf6 2. c4 g6 3. Nc3 Bg7 4. e4 d6 5. d4 O-O 6. Be2 e5 7. d5 a5 8. Bg5 h6
9. Bh4 Na6 10. Nd2 Qe8 11. O-O Nh7 12. a3 Bd7 13. b3 Bf6 14. Bxf6 Nxf6 15. Rb1
Qe7 16. b4 axb4 17. axb4 c5 18. dxc6 bxc6 19. Qc2 Rfb8 20. b5 Nc5 21. h3 Ne6 22.
Ra1 Nd4 23. Rxa8 Rxa8 24. Qb2 Rb8 25. Nf3 Ne8 26. Rb1 Nc7 27. b6 Nce6 28. Na4
Nxf3+ 29. Bxf3 Nd4 30. Bg4 Be8 31. c5 dxc5 32. Qa3 h5 33. Bd1 Ne6 34. Bb3 Nf4
35. Qxc5 Qg5 36. g3 h4 37. Kh2 hxg3+ 38. fxg3 Nh5 39. Qf2 c5 40. Nxc5 Rxb6 41.
Bxf7+ Bxf7 42. Rxb6 Kg7 43. Rb7 Nf6 44. Ne6+ 1-0

[Event "Titled Tue 26th Aug Early"]
[Site "chess.com INT"]
[Date "2025.08.26"]
[Round "5"]
[White "Siva Kumar, Nirish Kumar"]
[Black "Kona, Vidip"]
[Result "1-0"]
[WhiteTitle "FM"]
[WhiteElo "2214"]
[BlackElo "2145"]
[WhiteFideId "35820802"]
[BlackFideId "30990440"]
[EventDate "2025.08.26"]

1. Nf3 Nf6 2. e3 c5 3. Be2 d5 4. d4 Nc6 5. O-O cxd4 6. exd4 Bg4 7. c3 e6 8. b3
Bd6 9. a4 Qc7 10. h3 Bxf3 11. Bxf3 O-O 12. Ba3 Rfd8 13. Bxd6 Rxd6 14. Na3 a6 15.
b4 Rad8 16. Re1 Nd7 17. a5 e5 18. Nc2 e4 19. Bg4 Nf6 20. Ne3 Nxg4 21. hxg4 Ne7
22. Rc1 Rc6 23. Qb3 Qd7 24. g3 Rdc8 25. Rc2 Qd6 26. Rec1 g6 27. c4 dxc4 28. Rxc4
Rxc4 29. Rxc4 Rxc4 30. Qxc4 Qc6 31. Qb3 Qb5 32. d5 Qd7 33. Qc4 Nc8 34. Qxe4 Nd6
35. Qe5 Qc7 36. g5 Qd7 37. Kg2 Qd8 38. Ng4 Ne8 39. Nf6+ Nxf6 40. gxf6 h5 41. d6
Qd7 42. Qe7 Qc6+ 43. Kg1 Qc1+ 44. Kh2 Qd2 45. Qe8+ Kh7 46. Qxf7+ Kh6 47. Kg2
Qxd6 48. Qxb7 Qxf6 49. Qb6 Qe5 50. Qe3+ Qxe3 51. fxe3 Kg5 52. b5 axb5 53. a6 b4
54. a7 b3 55. a8=Q b2 56. Qb7 b1=Q 57. Qxb1 h4 58. gxh4+ Kxh4 59. Qe4+ Kh5 60.
Kg3 g5 61. Qh7# 1-0

[Event "Titled Tue 26th Aug Early"]
[Site "chess.com INT"]
[Date "2025.08.26"]
[Round "5"]
[White "Grischuk, Alexander"]
[Black "Mummana Venkata Ruthvik"]
[Result "1-0"]
[WhiteTitle "GM"]
[BlackTitle "CM"]
[WhiteElo "2667"]
[BlackElo "2237"]
[WhiteFideId "4126025"]
[BlackFideId "25697307"]
[EventDate "2025.08.26"]

1. e4 e6 2. Nf3 d5 3. e5 c5 4. b4 d4 5. bxc5 Nc6 6. Ba3 Qa5 7. Qe2 a6 8. Qc4
Nge7 9. Nxd4 Nxe5 10. Qc3 Qc7 11. Be2 Nd5 12. Qg3 Nf4 13. Nc3 Neg6 14. Nb3 Be7
15. O-O-O e5 16. h4 h5 17. Kb1 Be6 18. Bf3 Rb8 19. d4 Bxb3 20. axb3 exd4 21.
Rxd4 O-O 22. Nd5 Nxd5 23. Bxd5 Qc8 24. Qxg6 Bxc5 25. Bb2 Qd7 26. Qxh5 Bxd4 27.
Bxd4 Qd6 28. Be4 Qh6 29. Qxh6 gxh6 30. Rh3 f5 31. Rg3+ Kh7 32. Rg7+ Kh8 33.
Rxb7+ Kg8 34. Bd5+ 1-0

[Event "Titled Tue 26th Aug Early"]
[Site "chess.com INT"]
[Date "2025.08.26"]
[Round "5"]
[White "Auribault, Louis"]
[Black "Pavlov, Nikolay"]
[Result "0-1"]
[WhiteTitle "FM"]
[BlackTitle "FM"]
[WhiteElo "2113"]
[BlackElo "2316"]
[WhiteFideId "45196591"]
[BlackFideId "24141470"]
[EventDate "2025.08.26"]

1. e4 c5 2. Nf3 Nc6 3. Bb5 Nf6 4. Bxc6 dxc6 5. Qe2 Bg4 6. O-O Qc7 7. d3 e5 8. h3
Bh5 9. Be3 Be7 10. Nbd2 O-O 11. Rfd1 Nd7 12. Nf1 Rfe8 13. Ng3 Bg6 14. c3 Nf8 15.
d4 exd4 16. cxd4 cxd4 17. Bxd4 Ne6 18. Be5 Qb6 19. Qc4 Rad8 20. Nd4 Bc5 21. Nxe6
Rxd1+ 22. Rxd1 Bxf2+ 23. Kh1 Rxe6 24. Qc3 f6 25. Bd4 Bxd4 26. Rxd4 h6 27. Rd7
Be8 28. Rd1 Qf2 29. Qb3 Bf7 30. Nf5 Rxe4 31. Rd8+ Kh7 32. Qxf7 Re1+ 33. Kh2 Qxf5
34. Qg8+ Kg6 35. Qc4 Qe5+ 36. g3 Qe2+ 0-1

[Event "Titled Tue 26th Aug Early"]
[Site "chess.com INT"]
[Date "2025.08.26"]
[Round "5"]
[White "Estrada Nieto, Julian"]
[Black "Ivannikov, Maksim"]
[Result "0-1"]
[WhiteTitle "IM"]
[BlackTitle "CM"]
[WhiteElo "2182"]
[BlackElo "2100"]
[WhiteFideId "5101018"]
[BlackFideId "34275339"]
[EventDate "2025.08.26"]

1. e4 e5 2. Nf3 Nc6 3. Bb5 a6 4. Ba4 Nf6 5. O-O Nxe4 6. d4 b5 7. Bb3 d5 8. dxe5
Be6 9. Nbd2 Be7 10. c3 Nc5 11. Bc2 O-O 12. Nb3 Nxb3 13. axb3 g6 14. Bh6 Re8 15.
Qd2 Bg4 16. Bd1 Bf8 17. Bxf8 Rxf8 18. Re1 Re8 19. Qf4 Qd7 20. Ng5 Bf5 21. g4 Be6
22. Bf3 h6 23. Nxe6 Qxe6 24. Rad1 Rad8 25. Qxh6 Nxe5 26. Bg2 Qxg4 27. Kh1 Nd3
28. Rxe8+ Rxe8 29. Qd2 Qxd1+ 30. Qxd1 Nxf2+ 31. Kg1 Nxd1 32. Bxd5 Nxb2 33. b4
Re3 34. Bb7 Rxc3 35. Bxa6 c6 36. Bb7 Nd3 37. Kf1 Nxb4 38. Ke2 Rc2+ 39. Kd1 Rxh2 0-1

[Event "Titled Tue 26th Aug Early"]
[Site "chess.com INT"]
[Date "2025.08.26"]
[Round "5"]
[White "Gavilan Diaz, Mario"]
[Black "Zobel, Christian"]
[Result "1-0"]
[WhiteTitle "FM"]
[BlackTitle "CM"]
[WhiteElo "2195"]
[BlackElo "2218"]
[WhiteFideId "2260905"]
[BlackFideId "16259068"]
[EventDate "2025.08.26"]

1. d4 Nf6 2. c4 e6 3. Nc3 Bb4 4. Qc2 b6 5. e4 Bb7 6. Bd3 d6 7. Ne2 e5 8. d5
Bxc3+ 9. Nxc3 h6 10. O-O O-O 11. f4 Nbd7 12. Kh1 exf4 13. Bxf4 Ng4 14. Nb5 Nge5
15. Nd4 Nc5 16. Bxe5 dxe5 17. Nf5 Bc8 18. Be2 a5 19. b3 Kh7 20. Rf3 g6 21. Ne3
Qh4 22. Raf1 Kg7 23. Bd3 Bd7 24. a3 a4 25. b4 Nb3 26. c5 bxc5 27. bxc5 Nd4 28.
Qf2 Nxf3 29. Qxf3 Rab8 30. Bc4 Be8 31. d6 cxd6 32. cxd6 Rd8 33. g3 Qg5 34. h4
Qh5 35. Qf6+ Kh7 36. Qxd8 g5 37. Qf6 gxh4 38. gxh4 Rg8 39. Bxf7 Rg3 40. Bxh5 1-0

[Event "Titled Tue 26th Aug Early"]
[Site "chess.com INT"]
[Date "2025.08.26"]
[Round "5"]
[White "Jahnz, Laurin"]
[Black "Gutierrez Carmona, Juan Alejandro"]
[Result "1-0"]
[WhiteTitle "CM"]
[BlackTitle "FM"]
[WhiteElo "2219"]
[BlackElo "2036"]
[WhiteFideId "16261089"]
[BlackFideId "5106770"]
[EventDate "2025.08.26"]

1. e4 e5 2. Nf3 Nf6 3. Nxe5 d6 4. Nf3 Nxe4 5. Nc3 Nxc3 6. dxc3 Be7 7. Be3 O-O 8.
Qd2 Nd7 9. O-O-O c6 10. h4 d5 11. h5 h6 12. Bd3 Nc5 13. Bxc5 Bxc5 14. Nd4 Qf6
15. f3 Bb6 16. Rde1 c5 17. Nb5 a6 18. Na3 Bc7 19. Kb1 b5 20. Ka1 Bf4 21. Qe2 c4
22. Qe7 Qxe7 23. Rxe7 cxd3 24. cxd3 Bd6 25. Re2 b4 26. cxb4 Bxb4 27. Nc2 Bc5 28.
d4 Bd6 29. g4 a5 30. Ne3 Re8 31. Rhe1 Bd7 32. Nxd5 Rxe2 33. Rxe2 Be6 34. Nc3 a4
35. d5 Bd7 36. a3 Rb8 37. Re4 Ra8 38. Kb1 Ra5 39. Ka2 Ra6 40. Re2 Bf4 41. Ne4
Bc7 42. Nc5 Bb5 43. Nxa6 Bxe2 44. Nxc7 1-0

[Event "Titled Tue 26th Aug Early"]
[Site "chess.com INT"]
[Date "2025.08.26"]
[Round "5"]
[White "Piesik, Piotr"]
[Black "Svane, Rasmus"]
[Result "0-1"]
[WhiteTitle "IM"]
[BlackTitle "GM"]
[WhiteElo "2427"]
[BlackElo "2619"]
[WhiteFideId "1136194"]
[BlackFideId "4657101"]
[EventDate "2025.08.26"]

1. Nf3 d5 2. g3 Nd7 3. Bg2 e5 4. O-O Ngf6 5. d3 Bd6 6. Nbd2 O-O 7. e4 c6 8. a4
a5 9. Re1 Re8 10. Nb3 h6 11. Bd2 b6 12. Bc3 Bb7 13. exd5 cxd5 14. d4 e4 15. Nfd2
Bc6 16. f3 Qc7 17. Nf1 Bb4 18. Bxb4 axb4 19. Qd2 Qd6 20. a5 bxa5 21. Rxa5 Rxa5
22. Nxa5 Bb5 23. Nb3 Bc4 24. Nc1 Bxf1 25. Rxf1 Nb6 26. b3 exf3 27. Bxf3 Ne4 28.
Qg2 Nd7 29. Re1 Ndf6 30. Bxe4 dxe4 31. Qd2 Nd5 32. Ne2 Re6 33. Rf1 Qc7 34. Rf5
Qd6 35. Nf4 Nxf4 36. Rxf4 Qd5 37. Qe3 g5 38. Rf1 f5 39. c4 bxc3 40. Qxc3 Rd6 41.
Kg2 Kg7 42. Qe3 Kg6 43. h4 Qxd4 44. Qxd4 Rxd4 45. hxg5 hxg5 46. Rb1 Rd2+ 47. Kg1
Rd5 48. b4 Rb5 49. Kf2 Kf6 0-1

[Event "Titled Tue 26th Aug Early"]
[Site "chess.com INT"]
[Date "2025.08.26"]
[Round "5"]
[White "Sakhayi, Mostafa"]
[Black "Fernandes, Rogerio Paulo Muller"]
[Result "0-1"]
[WhiteTitle "CM"]
[WhiteElo "2166"]
[BlackElo "2241"]
[WhiteFideId "12512532"]
[BlackFideId "2101599"]
[EventDate "2025.08.26"]

1. d4 Nf6 2. c4 c5 3. d5 b5 4. Nf3 g6 5. cxb5 a6 6. e3 d6 7. Nc3 Bg7 8. a4 O-O
9. Bd2 Nbd7 10. bxa6 Ng4 11. Bb5 Bxa6 12. O-O Nge5 13. Nxe5 Nxe5 14. f4 Nc4 15.
Bxc4 Bxc4 16. Re1 Qb6 17. Qc2 Rfb8 18. Reb1 Bb3 19. Qc1 Qb7 20. e4 Qb4 21. Qe1
Qc4 22. a5 Ra6 23. Ra3 Bc2 24. h3 Bxb1 25. Qxb1 Rb3 26. Rxb3 Qxb3 27. Qa1 Qb4
28. Kh2 Rxa5 29. Qe1 Ra8 30. e5 Qxb2 31. exd6 exd6 32. Ne4 Qb6 33. f5 gxf5 34.
Ng5 Be5+ 35. Kh1 Rb8 36. Qh4 Qb1+ 37. Be1 h6 38. Nf3 Qc1 39. Qe7 Qf4 40. Nxe5
Qxe5 41. Qd7 Qxe1+ 0-1

[Event "Titled Tue 26th Aug Early"]
[Site "chess.com INT"]
[Date "2025.08.26"]
[Round "5"]
[White "Arca, Christian Gian Karlo"]
[Black "Durarbayli, Vasif"]
[Result "0-1"]
[WhiteTitle "FM"]
[BlackTitle "GM"]
[WhiteElo "2407"]
[BlackElo "2612"]
[WhiteFideId "5258138"]
[BlackFideId "13402935"]
[EventDate "2025.08.26"]

1. Nf3 c5 2. g3 Nc6 3. d4 cxd4 4. Nxd4 e5 5. Nxc6 dxc6 6. Qxd8+ Kxd8 7. e4 Be6
8. f3 Kc7 9. Be3 Bb4+ 10. c3 Ba5 11. Nd2 Bb6 12. Kf2 Bxe3+ 13. Kxe3 Ne7 14. Bc4
Bxc4 15. Nxc4 f6 16. Rhd1 Rhd8 17. Ke2 b5 18. Ne3 a5 19. Rxd8 Rxd8 20. Rd1 Ra8
21. Rd2 a4 22. a3 h5 23. Kf2 Rh8 24. h3 Nc8 25. h4 Nd6 26. Rd1 g6 27. Rh1 f5 28.
exf5 gxf5 29. g4 f4 30. Ng2 Nc4 31. Rb1 Rd8 32. gxh5 Rh8 33. b3 axb3 34. Rxb3
Rxh5 35. Rb1 Nxa3 36. Ra1 Nc4 37. Ra7+ Kd6 38. Rg7 Rh6 39. Rg5 Ke6 40. Ke2 Nd6
41. Rg8 Kd5 42. Kd3 c5 43. Rg5 c4+ 44. Ke2 Ke6 45. Rg8 Rh7 46. Rb8 Ra7 47. h5
Rh7 48. Kf2 Rxh5 49. Rg8 Rh7 50. Rg6+ Kd5 0-1